[Event "DSM WK M 2010"]
[Site "Karlsruhe GER"]
[Date "2010.05.08"]
[Round "5"]
[White "Stitterich, Nadine"]
[Black "Raab, Helen"]
[Result "1/2-1/2"]
[Termination "normal"]
[Board "1.1"]
[WhiteElo "1974"]
[BlackElo "1697"]
[WhiteTeam "Solitude-Gymnasium Stuttgart"]
[BlackTeam "Gymnasium Mainz-Gonsenheim"]
[PlyCount "56"]
[WhiteFideId "24676527"]
[BlackFideId "24653608"]
[EventCountry "GER"]
[EventRounds "7"]
[EventType "team-swiss"]
[EventDate "2010.05.06"]

1. e4 e6 2. d3 d5 3. Nd2 Nf6 4. Ngf3 c5 5. g3 Nc6 6. Bg2 Bd6 7. O-O O-O 8. Re1
Qc7 9. Qe2 dxe4 10. dxe4 e5 11. c3 a6 12. a4 Na5 13. Nc4 Nxc4 14. Qxc4 Be6 15.
Qe2 c4 16. Ng5 Bg4 17. f3 Bd7 18. Rd1 Rfe8 19. Kh1 Rac8 20. a5 h6 21. Nh3 Be6
22. Nf2 Nd7 23. Ra2 Nc5 24. Be3 Nb3 25. Bb6 Qc6 26. f4 f6 27. f5 Bf7 28. Be3
Red8 1/2-1/2

[Event "DSM WK M 2010"]
[Site "Karlsruhe GER"]
[Date "2010.05.08"]
[Round "5"]
[White "Efinger, Leila"]
[Black "Mijatovic, Andrea"]
[Result "0-1"]
[Termination "normal"]
[Board "1.2"]
[WhiteElo "1113"]
[BlackElo "1864"]
[WhiteTeam "Gymnasium Mainz-Gonsenheim"]
[BlackTeam "Solitude-Gymnasium Stuttgart"]
[PlyCount "54"]
[WhiteFideId "12931705"]
[BlackFideId "14514524"]
[EventCountry "GER"]
[EventRounds "7"]
[EventType "team-swiss"]
[EventDate "2010.05.06"]

1. d4 d5 2. Bf4 Nf6 3. e3 Nbd7 4. Bd3 c6 5. Nf3 e6 6. Nbd2 Be7 7. c3 O-O 8. Qc2
h6 9. O-O-O c5 10. Ne5 c4 11. Be2 a5 12. g4 Nxe5 13. Bxe5 b5 14. h4 b4 15. g5
bxc3 16. Qxc3 Bb4 17. Qc2 Bxd2+ 18. Qxd2 Ne4 19. Qe1 c3 20. bxc3 Qe7 21. Kc2
Bd7 22. Rb1 Qa3 23. Ra1 Ba4+ 24. Kd3 Qb2 25. Qc1 Bb5+ 26. c4 Bxc4+ 27. Qxc4
Qd2# 0-1

[Event "DSM WK M 2010"]
[Site "Karlsruhe GER"]
[Date "2010.05.08"]
[Round "5"]
[White "Häcker, Katrin"]
[Black "Woider, Stella"]
[Result "1-0"]
[Termination "normal"]
[Board "1.3"]
[WhiteElo "1615"]
[BlackElo "757"]
[WhiteTeam "Solitude-Gymnasium Stuttgart"]
[BlackTeam "Gymnasium Mainz-Gonsenheim"]
[PlyCount "49"]
[WhiteFideId "24667986"]
[EventCountry "GER"]
[EventRounds "7"]
[EventType "team-swiss"]
[EventDate "2010.05.06"]

1. e4 e5 2. Nf3 Nc6 3. Bb5 Nge7 4. c3 a6 5. Ba4 d6 6. d4 Bd7 7. O-O g6 8. Re1
Bg7 9. Be3 O-O 10. Nbd2 d5 11. Bc2 dxe4 12. Nxe4 Nd5 13. Bg5 Qe8 14. dxe5 Nxe5
15. Nxe5 Qxe5 16. Nf6+ Bxf6 17. Rxe5 Bxe5 18. Qxd5 Bd6 19. Qd4 Rfe8 20. Bf6 Bc6
21. h4 Bf8 22. h5 gxh5 23. Qd2 Re6 24. Qg5+ Bg7 25. Qxg7# 1-0

[Event "DSM WK M 2010"]
[Site "Karlsruhe GER"]
[Date "2010.05.08"]
[Round "5"]
[White "Beck, Clara"]
[Black "Zacke, Tamara"]
[Result "0-1"]
[Termination "normal"]
[Board "1.4"]
[WhiteElo "812"]
[BlackElo "857"]
[WhiteTeam "Gymnasium Mainz-Gonsenheim"]
[BlackTeam "Solitude-Gymnasium Stuttgart"]
[PlyCount "72"]
[EventCountry "GER"]
[EventRounds "7"]
[EventType "team-swiss"]
[EventDate "2010.05.06"]

1. e4 e5 2. Nf3 Nc6 3. Nc3 Bc5 4. Bb5 Nf6 5. O-O d6 6. Bxc6+ bxc6 7. d4 exd4 8.
Nxd4 Bb7 9. Bg5 O-O 10. Re1 Re8 11. Nf3 Bb6 12. Re2 Qe7 13. Qe1 Ba6 14. Rd2 Qe6
15. Nd4 Bxd4 16. Rxd4 Qe5 17. Bxf6 Qxf6 18. Rad1 Rad8 19. Ra4 Bc8 20. Rxa7 Re7
21. Ra8 Re5 22. a4 Qg6 23. g3 Rde8 24. Rd4 Bh3 25. Rxe8+ Rxe8 26. a5 Qf6 27.
Ra4 Qf3 28. Qf1 Bxf1 29. Kxf1 d5 30. Ne2 c5 31. a6 Ra8 32. Nc3 d4 33. Nd5 Qd1+
34. Kg2 Qxc2 35. Nxc7 Qxa4 36. Kf1 Rxa6 0-1

[Event "DSM WK M 2010"]
[Site "Karlsruhe GER"]
[Date "2010.05.08"]
[Round "5"]
[White "Klinger, Jacquelin"]
[Black "Wisheckel, Lena"]
[Result "0-1"]
[Termination "normal"]
[Board "2.1"]
[WhiteElo "1544"]
[BlackElo "1775"]
[WhiteTeam "Märkische Schule Wattenscheid"]
[BlackTeam "Johann-Schöner-Gymnasium Karlstadt"]
[PlyCount "82"]
[BlackFideId "24691992"]
[EventCountry "GER"]
[EventRounds "7"]
[EventType "team-swiss"]
[EventDate "2010.05.06"]

1. e4 e5 2. Nf3 Nf6 3. Nc3 Bb4 4. d3 Bxc3+ 5. bxc3 d5 6. exd5 Qxd5 7. Qe2 O-O
8. Bg5 e4 9. dxe4 Nxe4 10. Qd3 Qxd3 11. Bxd3 Nxc3 12. O-O Nc6 13. Bd2 Nd5 14.
Rfe1 Be6 15. Be4 Rad8 16. a3 h6 17. Rab1 b6 18. h3 Bc8 19. c4 Nde7 20. Bf4 Ba6
21. Bxc7 Rd7 22. Bf4 Bxc4 23. Rbc1 Bd5 24. Red1 Rfd8 25. Rxd5 Rxd5 26. Bxd5
Rxd5 27. Nd2 Nd4 28. Re1 Ne6 29. Bg3 Rxd2 30. Bb8 Nc6 31. Bg3 Ncd4 32. Bb8 a6
33. Ba7 b5 34. Bxd4 Rxd4 35. Rc1 Ra4 36. Rc8+ Kh7 37. Rc3 Nd4 38. Kf1 Rc4 39.
Re3 Rc1+ 40. Re1 Rxe1+ 41. Kxe1 Nc2+ 0-1

[Event "DSM WK M 2010"]
[Site "Karlsruhe GER"]
[Date "2010.05.08"]
[Round "5"]
[White "Mehling, Franziska"]
[Black "Rohm, Marlena"]
[Result "1/2-1/2"]
[Termination "normal"]
[Board "2.2"]
[WhiteElo "1477"]
[BlackElo "1506"]
[WhiteTeam "Johann-Schöner-Gymnasium Karlstadt"]
[BlackTeam "Märkische Schule Wattenscheid"]
[PlyCount "109"]
[WhiteFideId "12900133"]
[BlackFideId "12931632"]
[EventCountry "GER"]
[EventRounds "7"]
[EventType "team-swiss"]
[EventDate "2010.05.06"]

1. d4 d5 2. c4 c6 3. Nf3 Nd7 4. Nc3 e6 5. e3 Ngf6 6. Bd3 Bd6 7. O-O b6 8. e4
dxe4 9. Nxe4 Nxe4 10. Bxe4 Bb7 11. Re1 O-O 12. b3 Qc7 13. h3 Nf6 14. Bc2 c5 15.
Bb2 cxd4 16. Bxd4 Rad8 17. Qe2 Be7 18. Rad1 Bb4 19. Bxf6 gxf6 20. Rxd8 Rxd8 21.
Rd1 Rxd1+ 22. Qxd1 Qd6 23. Qxd6 Bxd6 24. Nd4 a6 25. Kf1 Kg7 26. g4 h6 27. Ke2
Bg2 28. h4 Bc5 29. Kd3 Bh3 30. f3 f5 31. gxf5 exf5 32. Kc3 h5 33. Nxf5+ Bxf5
34. Bxf5 Be7 35. b4 Bxh4 36. c5 bxc5 37. bxc5 Bg3 38. c6 Kf6 39. Bd3 a5 40. Kd2
h4 41. Bf1 Ke7 42. Bh3 Kd6 43. Bd7 h3 44. Bxh3 Kxc6 45. Kd3 Kd5 46. Bg4 Ke5 47.
Ke3 f5 48. Bh5 f4+ 49. Ke2 Kd4 50. Kd2 Kc4 51. Kc2 Bf2 52. Bf7+ Kb4 53. Kb2
Bd4+ 54. Kc2 Be5 55. Be6 1/2-1/2

[Event "DSM WK M 2010"]
[Site "Karlsruhe GER"]
[Date "2010.05.08"]
[Round "5"]
[White "Müller, Laura Margarita"]
[Black "Mehling, Katharina"]
[Result "0-1"]
[Termination "normal"]
[Board "2.3"]
[WhiteElo "1544"]
[BlackElo "1524"]
[WhiteTeam "Märkische Schule Wattenscheid"]
[BlackTeam "Johann-Schöner-Gymnasium Karlstadt"]
[PlyCount "66"]
[WhiteFideId "12917923"]
[BlackFideId "12900362"]
[EventCountry "GER"]
[EventRounds "7"]
[EventType "team-swiss"]
[EventDate "2010.05.06"]

1. d4 Nf6 2. c4 g6 3. Bf4 Bg7 4. Nf3 O-O 5. e3 d6 6. Be2 Nbd7 7. O-O Nh5 8. Bg3
Nxg3 9. hxg3 e5 10. Qc2 f5 11. dxe5 Nxe5 12. Nc3 Be6 13. b3 Nxf3+ 14. Bxf3 Rb8
15. Rad1 Qe7 16. Nd5 Bxd5 17. Bxd5+ Kh8 18. Rd2 g5 19. Re2 c6 20. Bf3 g4 21.
Bxg4 fxg4 22. Rd2 Rbd8 23. Rfd1 Be5 24. Qe4 Qg5 25. c5 d5 26. Qd3 Rde8 27. b4
Re6 28. e4 d4 29. b5 Rh6 30. bxc6 bxc6 31. Kf1 Qf6 32. Rc2 Rh1+ 33. Ke2 Qxf2#
0-1

[Event "DSM WK M 2010"]
[Site "Karlsruhe GER"]
[Date "2010.05.08"]
[Round "5"]
[White "Mehling, Theresa"]
[Black "Berger, Melanie"]
[Result "0-1"]
[Termination "normal"]
[Board "2.4"]
[WhiteElo "728"]
[BlackElo "1425"]
[WhiteTeam "Johann-Schöner-Gymnasium Karlstadt"]
[BlackTeam "Märkische Schule Wattenscheid"]
[PlyCount "58"]
[EventCountry "GER"]
[EventRounds "7"]
[EventType "team-swiss"]
[EventDate "2010.05.06"]

1. e4 e5 2. Nf3 Nc6 3. Nc3 Bc5 4. Bc4 Nf6 5. d3 h6 6. Bd2 d6 7. h3 O-O 8. O-O
Ne7 9. Nh4 Kh7 10. Qf3 Ng6 11. Nf5 Be6 12. Bxe6 fxe6 13. Ne3 Qe7 14. Na4 Bb6
15. Nxb6 axb6 16. Qd1 Qf7 17. Qe1 Nf4 18. Nc4 N6h5 19. Qe3 Qg6 20. g3 Nxh3+ 21.
Kg2 Ng5 22. a4 Nf3 23. Bc1 Nf4+ 24. Qxf4 exf4 25. Bxf4 Rxf4 26. Rfb1 Rff8 27.
Kf1 Qh5 28. Ke2 Nd4+ 29. Ke1 Qe2# 0-1

[Event "DSM WK M 2010"]
[Site "Karlsruhe GER"]
[Date "2010.05.08"]
[Round "5"]
[White "Bohrmann, Sandra"]
[Black "Krtschil, Anna"]
[Result "1-0"]
[Termination "normal"]
[Board "3.1"]
[WhiteElo "1563"]
[BlackElo "1313"]
[WhiteTeam "Max-Planck-Gymnasium Ludwigshafen"]
[BlackTeam "Salza Gymnasium Bad Langensalza"]
[PlyCount "77"]
[WhiteFideId "12905437"]
[BlackFideId "4611144"]
[EventCountry "GER"]
[EventRounds "7"]
[EventType "team-swiss"]
[EventDate "2010.05.06"]

1. e4 c5 2. c4 Nc6 3. Nc3 Nf6 4. g3 e5 5. Bg2 Be7 6. Nge2 a6 7. Rb1 Rb8 8. d3
b5 9. b3 d6 10. O-O O-O 11. Be3 Be6 12. f4 Ng4 13. Qd2 Nxe3 14. Qxe3 Nd4 15.
Qd2 Nxe2+ 16. Qxe2 exf4 17. Rxf4 Bf6 18. Nd5 Be5 19. Rff1 Qd7 20. Qh5 Bg4 21.
Qg5 h6 22. Qd2 Kh8 23. Kh1 f5 24. Rbe1 bxc4 25. dxc4 g5 26. exf5 Bxf5 27. Qa5
h5 28. Qxa6 Ra8 29. Nb6 Rxa6 30. Nxd7 Rf7 31. Nxe5 dxe5 32. Rxe5 Raf6 33. Rxc5
Kg7 34. Kg1 Kg6 35. a4 Rd7 36. Rcxf5 Rxf5 37. Be4 Rdf7 38. Bxf5+ Rxf5 39. Rxf5
1-0

[Event "DSM WK M 2010"]
[Site "Karlsruhe GER"]
[Date "2010.05.08"]
[Round "5"]
[White "Schirrmeister, Laura"]
[Black "Serif, Amelie"]
[Result "1-0"]
[Termination "normal"]
[Board "3.2"]
[WhiteElo "1120"]
[BlackElo "1371"]
[WhiteTeam "Salza Gymnasium Bad Langensalza"]
[BlackTeam "Max-Planck-Gymnasium Ludwigshafen"]
[PlyCount "43"]
[WhiteFideId "24694967"]
[EventCountry "GER"]
[EventRounds "7"]
[EventType "team-swiss"]
[EventDate "2010.05.06"]

1. e4 c5 2. Nf3 g6 3. d4 Bg7 4. Nc3 cxd4 5. Nxd4 Nc6 6. Be3 d6 7. Qd2 Nf6 8.
O-O-O Ng4 9. Nxc6 bxc6 10. Bg5 Qb6 11. f3 Nf6 12. h4 Rb8 13. b3 c5 14. e5 Nd7
15. exd6 e6 16. h5 O-O 17. Bh6 Ne5 18. Bxg7 Kxg7 19. hxg6 fxg6 20. Qh6+ Kf7 21.
Qxh7+ Ke8 22. Qe7# 1-0

[Event "DSM WK M 2010"]
[Site "Karlsruhe GER"]
[Date "2010.05.08"]
[Round "5"]
[White "Serebrianski, Anita"]
[Black "Halle, Julia"]
[Result "1-0"]
[Termination "normal"]
[Board "3.3"]
[WhiteElo "1147"]
[BlackElo "1018"]
[WhiteTeam "Max-Planck-Gymnasium Ludwigshafen"]
[BlackTeam "Salza Gymnasium Bad Langensalza"]
[PlyCount "89"]
[BlackFideId "24694940"]
[EventCountry "GER"]
[EventRounds "7"]
[EventType "team-swiss"]
[EventDate "2010.05.06"]

1. e4 d6 2. Nf3 g6 3. Nc3 Bg7 4. d4 Nf6 5. Bc4 O-O 6. O-O Nbd7 7. b3 c5 8. Bb2
Qb6 9. d5 a5 10. Re1 Qc7 11. Nb5 Qb8 12. Qd3 b6 13. Re2 Re8 14. e5 dxe5 15.
Nxe5 Nxe5 16. Bxe5 Bf5 17. Qd2 Ne4 18. Rxe4 Bxe5 19. Rxe5 Qxe5 20. Re1 Qb8 21.
d6 exd6 22. Rxe8+ Qxe8 23. Nc7 Qe4 24. Nxa8 Qxa8 25. Qxd6 Qe4 26. h3 Qxc2 27.
Qb8+ Kg7 28. Qe5+ Kh6 29. Qe3+ g5 30. Bxf7 Qb1+ 31. Kh2 Qxa2 32. Qf3 a4 33.
Qxf5 Qa1 34. Qe6+ Kg7 35. bxa4 Qd4 36. Be8 c4 37. Qf7+ Kh6 38. Qh5+ Kg7 39.
Qxg5+ Kf8 40. Bh5 Qc5 41. Qf6+ Kg8 42. Bf7+ Kf8 43. Bg6+ Kg8 44. Qf7+ Kh8 45.
Qxh7# 1-0

[Event "DSM WK M 2010"]
[Site "Karlsruhe GER"]
[Date "2010.05.08"]
[Round "5"]
[White "Winterberg, Johanna"]
[Black "Keil, Mareike"]
[Result "1/2-1/2"]
[Termination "normal"]
[Board "3.4"]
[WhiteElo "1004"]
[BlackElo "1032"]
[WhiteTeam "Salza Gymnasium Bad Langensalza"]
[BlackTeam "Max-Planck-Gymnasium Ludwigshafen"]
[PlyCount "112"]
[WhiteFideId "12929344"]
[EventCountry "GER"]
[EventRounds "7"]
[EventType "team-swiss"]
[EventDate "2010.05.06"]

1. e4 e5 2. Nf3 Nc6 3. Bc4 Bc5 4. c3 Nf6 5. d4 exd4 6. cxd4 Bb4+ 7. Bd2 d5 8.
exd5 Nxd5 9. Bxb4 Ncxb4 10. Nc3 Nxc3 11. bxc3 Qe7+ 12. Qe2 Qxe2+ 13. Kxe2 Nc6
14. Rhe1 O-O 15. Kf1 Be6 16. d5 Na5 17. dxe6 Nxc4 18. exf7+ Rxf7 19. Ne5 Nxe5
20. Rxe5 Raf8 21. f3 Rf5 22. Re7 Rc5 23. Rc1 a5 24. Ke2 b5 25. Kd3 b4 26. Kd4
Rc6 27. Kd5 Rxc3 28. Rxc3 bxc3 29. Rxc7 Rd8+ 30. Kc4 c2 31. Kb3 Rd2 32. Rxc2
a4+ 33. Kc3 Rd6 34. Kb4 Ra6 35. Rc8+ Kf7 36. Rc7+ Kf6 37. Kb5 Ra8 38. Rc6+ Kf5
39. Rc5+ Kf6 40. g4 Rb8+ 41. Kxa4 Rb2 42. g5+ Kg6 43. a3 Rxh2 44. f4 Rf2 45.
Rc6+ Kf5 46. Rc4 h5 47. gxh6 gxh6 48. Kb5 h5 49. Rc5+ Kg4 50. Rg5+ Kh4 51. a4
Rxf4 52. Rg8 Rg4 53. Rxg4+ hxg4 54. a5 g3 55. a6 g2 56. a7 g1=Q 1/2-1/2

[Event "DSM WK M 2010"]
[Site "Karlsruhe GER"]
[Date "2010.05.08"]
[Round "5"]
[White "Evers, Annika"]
[Black "Bajorski, Maria Sophie"]
[Result "1-0"]
[Termination "normal"]
[Board "4.1"]
[WhiteElo "1695"]
[BlackElo "1347"]
[WhiteTeam "Athenaeum Stade"]
[BlackTeam "Marienschule Limburg"]
[PlyCount "41"]
[WhiteFideId "24691933"]
[BlackFideId "24654531"]
[EventCountry "GER"]
[EventRounds "7"]
[EventType "team-swiss"]
[EventDate "2010.05.06"]

1. e4 e5 2. Nf3 Nc6 3. Bc4 Nf6 4. d3 Bc5 5. c3 Bb6 6. Nbd2 O-O 7. O-O d6 8. Re1
Bg4 9. h3 Bh5 10. Nf1 h6 11. Ng3 Bg6 12. Nh4 Bh7 13. Nhf5 d5 14. exd5 Nxd5 15.
Qg4 Bg6 16. Nh5 Nf6 17. Qxg6 Nxh5 18. Nxh6+ Kh8 19. Nxf7+ Rxf7 20. Qxh5+ Kg8
21. Qxf7+ 1-0

[Event "DSM WK M 2010"]
[Site "Karlsruhe GER"]
[Date "2010.05.08"]
[Round "5"]
[White "Liez, Franziska"]
[Black "Steffens, Skrolan"]
[Result "1-0"]
[Termination "normal"]
[Board "4.2"]
[WhiteElo "1440"]
[BlackElo "1162"]
[WhiteTeam "Marienschule Limburg"]
[BlackTeam "Athenaeum Stade"]
[PlyCount "79"]
[WhiteFideId "1271766"]
[EventCountry "GER"]
[EventRounds "7"]
[EventType "team-swiss"]
[EventDate "2010.05.06"]

1. e4 g6 2. Nf3 Bg7 3. Nc3 d6 4. Bc4 a6 5. d4 e6 6. O-O b5 7. Bb3 Nd7 8. a3 Bb7
9. Re1 Ne7 10. Bg5 O-O 11. Qd2 Re8 12. Rad1 Qc8 13. Qe3 c5 14. dxc5 dxc5 15.
Nd2 Qc6 16. Qg3 Nf6 17. Bxf6 Bxf6 18. f4 Rad8 19. e5 Bg7 20. Nf3 Nf5 21. Qf2
Bf8 22. Ne4 Kh8 23. Rxd8 Rxd8 24. c4 Nd4 25. Nxd4 Rxd4 26. cxb5 axb5 27. Bc2 c4
28. Qxd4 Qc7 29. Kh1 Be7 30. Rd1 Qc6 31. Qd7 Bf8 32. Qxc6 Bxc6 33. Rd8 Kg7 34.
Nd6 h6 35. Rc8 Bd7 36. Rc7 Bxd6 37. exd6 Be8 38. d7 Bxd7 39. Rxd7 Kf6 40. Rb7
1-0

[Event "DSM WK M 2010"]
[Site "Karlsruhe GER"]
[Date "2010.05.08"]
[Round "5"]
[White "Lange, Anika"]
[Black "Liez, Tatjana"]
[Result "0-1"]
[Termination "normal"]
[Board "4.3"]
[WhiteElo "1215"]
[BlackElo "1190"]
[WhiteTeam "Athenaeum Stade"]
[BlackTeam "Marienschule Limburg"]
[PlyCount "124"]
[WhiteFideId "24693405"]
[BlackFideId "1271769"]
[EventCountry "GER"]
[EventRounds "7"]
[EventType "team-swiss"]
[EventDate "2010.05.06"]

1. d4 d5 2. Nf3 Nc6 3. e3 e6 4. Bd3 Nf6 5. O-O Bd6 6. Nbd2 O-O 7. b3 Re8 8. Bb2
e5 9. dxe5 Bxe5 10. Nxe5 Nxe5 11. Bxe5 Rxe5 12. Nf3 Re8 13. c4 Bg4 14. h3 dxc4
15. Bxc4 Qxd1 16. Raxd1 Bxf3 17. gxf3 Rad8 18. Kg2 c6 19. a4 g6 20. Kg3 Rd7 21.
Rxd7 Nxd7 22. Rd1 Nb6 23. Bf1 a5 24. e4 Kg7 25. Bg2 Re7 26. Rd6 Nc8 27. Rd3 Nb6
28. Rd6 Rd7 29. e5 Kf8 30. Kg4 h6 31. h4 Ke7 32. Rxd7+ Nxd7 33. f4 f6 34. exf6+
Kxf6 35. Bh3 Nc5 36. h5 gxh5+ 37. Kxh5 Nxb3 38. Bd7 Nc5 39. Bc8 b6 40. Kxh6
Nxa4 41. Bd7 Nc5 42. Bxc6 Kf5 43. Kg7 Kxf4 44. Kf6 Nd3 45. f3 Ne5 46. Bb5 Nxf3
47. Ke6 Nd4+ 48. Kd6 Nxb5+ 49. Kc6 Nd4+ 50. Kxb6 a4 51. Kc5 a3 52. Kxd4 a2 53.
Kd5 a1=Q 54. Ke6 Qd4 55. Ke7 Qb6 56. Kd7 Ke5 57. Ke7 Qd6+ 58. Kf7 Kf5 59. Kg7
Qf6+ 60. Kh7 Qg5 61. Kh8 Kf6 62. Kh7 Qg7# 0-1

[Event "DSM WK M 2010"]
[Site "Karlsruhe GER"]
[Date "2010.05.08"]
[Round "5"]
[White "Heinz, Michelle"]
[Black "Nesterkin, Maria"]
[Result "1/2-1/2"]
[Termination "normal"]
[Board "4.4"]
[WhiteElo "1006"]
[BlackElo "860"]
[WhiteTeam "Marienschule Limburg"]
[BlackTeam "Athenaeum Stade"]
[PlyCount "112"]
[WhiteFideId "1271782"]
[EventCountry "GER"]
[EventRounds "7"]
[EventType "team-swiss"]
[EventDate "2010.05.06"]

1. e4 c5 2. Nf3 d6 3. Bc4 Nf6 4. Nc3 g6 5. d4 cxd4 6. Nxd4 Bg7 7. Bf4 O-O 8.
Qd2 Bd7 9. O-O-O Nc6 10. Nf3 Rc8 11. Bb3 Qa5 12. Qe3 Nb4 13. a3 Nc6 14. h3 b5
15. Nd4 Nxd4 16. Rxd4 e5 17. Rxd6 exf4 18. Qxf4 Qd8 19. Rhd1 Rc7 20. Nxb5 Rb7
21. Ba4 Qe7 22. e5 Ne8 23. R6d5 Bxb5 24. Bxb5 Nc7 25. Bc6 Nxd5 26. Rxd5 Rb6 27.
Ba4 f6 28. Qc4 Kh8 29. f4 fxe5 30. fxe5 Bxe5 31. Bb3 Bf4+ 32. Kd1 Rd6 33. Qc3+
Qf6 34. Qb4 Rxd5+ 35. Bxd5 Qd6 36. Qe4 Rf5 37. c4 Qc5 38. g4 Rf8 39. Qd3 Qg1+
40. Kc2 Qc1+ 41. Kb3 Qe3 42. Qxe3 Bxe3 43. a4 Rb8+ 44. Kc3 Kg7 45. b4 Kf8 46.
b5 Bb6 47. Kb4 Ke7 48. c5 Bc7 49. a5 Kd7 50. Bc6+ Kc8 51. Kc4 Kd8 52. Kd5 Bxa5
53. Kc4 Kc7 54. Kd5 Rd8+ 55. Kc4 Rb8 56. Kd5 Rd8+ 1/2-1/2

[Event "DSM WK M 2010"]
[Site "Karlsruhe GER"]
[Date "2010.05.08"]
[Round "5"]
[White "Riedelsheimer, Julia"]
[Black "Reyher, Susan"]
[Result "0-1"]
[Termination "normal"]
[Board "5.1"]
[WhiteElo "1152"]
[BlackElo "1246"]
[WhiteTeam "Gymnasium Donauwörth"]
[BlackTeam "J.H. Pestalozzi GS Leegebruch"]
[PlyCount "68"]
[BlackFideId "24686107"]
[EventCountry "GER"]
[EventRounds "7"]
[EventType "team-swiss"]
[EventDate "2010.05.06"]

1. d4 d5 2. g3 Nf6 3. Bg2 Bf5 4. Nf3 e6 5. O-O Bd6 6. c4 dxc4 7. Qa4+ c6 8.
Qxc4 O-O 9. Qb3 b6 10. Nc3 Ne4 11. Nh4 Nxc3 12. bxc3 Bg4 13. e4 Nd7 14. Be3 Be7
15. Nf3 c5 16. Nd2 Bg5 17. f4 cxd4 18. cxd4 Bh6 19. h3 Be2 20. Rfe1 Ba6 21.
Rac1 e5 22. dxe5 Nc5 23. Bxc5 bxc5 24. Qd5 Qb6 25. Qxc5 Rfc8 26. Qxb6 axb6 27.
Rxc8+ Bxc8 28. Rb1 Rxa2 29. Rxb6 Rxd2 30. Rb8 Rd8 31. g4 g6 32. f5 Rf8 33. h4
Bf4 34. Rb6 Be3+ 0-1

[Event "DSM WK M 2010"]
[Site "Karlsruhe GER"]
[Date "2010.05.08"]
[Round "5"]
[White "Wolff, Marie Antoinette"]
[Black "Gatej, Corinna"]
[Result "0-1"]
[Termination "normal"]
[Board "5.2"]
[WhiteElo "939"]
[BlackElo "918"]
[WhiteTeam "J.H. Pestalozzi GS Leegebruch"]
[BlackTeam "Gymnasium Donauwörth"]
[PlyCount "76"]
[WhiteFideId "12908258"]
[EventCountry "GER"]
[EventRounds "7"]
[EventType "team-swiss"]
[EventDate "2010.05.06"]

1. e4 d5 2. exd5 Qxd5 3. Nc3 Qa5 4. Nf3 c6 5. g3 Nf6 6. Bg2 Bg4 7. O-O Nbd7 8.
d3 e6 9. Bf4 Bb4 10. Bd2 Bxc3 11. Bxc3 Qc7 12. Bd2 O-O 13. Bf4 Qb6 14. Qe1 Qxb2
15. Ne5 Nxe5 16. Bxe5 Qxc2 17. Rb1 Qxd3 18. Rxb7 Be2 19. Rb3 Qc4 20. Rb4 Qxa2
21. Rb2 Qa6 22. Rxe2 Nd5 23. Qd2 f6 24. Bd6 Rfe8 25. Bh3 Rad8 26. Bxe6+ Kh8 27.
Bc5 Nc3 28. Re3 Rxd2 29. Bf7 Rxe3 30. Bxe3 Rd1 31. Rxd1 Nxd1 32. Be8 Nxe3 33.
fxe3 c5 34. Kf2 c4 35. Ke1 c3 36. Kd1 Qa2 37. Kc1 Qd2+ 38. Kb1 Qb2# 0-1

[Event "DSM WK M 2010"]
[Site "Karlsruhe GER"]
[Date "2010.05.08"]
[Round "5"]
[White "Vogel, Anna"]
[Black "Sauer, Annika"]
[Result "1-0"]
[Termination "normal"]
[Board "5.3"]
[WhiteElo "887"]
[BlackElo "1033"]
[WhiteTeam "Gymnasium Donauwörth"]
[BlackTeam "J.H. Pestalozzi GS Leegebruch"]
[PlyCount "89"]
[BlackFideId "12952052"]
[EventCountry "GER"]
[EventRounds "7"]
[EventType "team-swiss"]
[EventDate "2010.05.06"]

1. e4 e5 2. Nf3 Nc6 3. d4 d6 4. dxe5 dxe5 5. Qxd8+ Kxd8 6. Bc4 Bg4 7. Nbd2 Kd7
8. Bxf7 Nf6 9. h3 Bh5 10. Bxh5 Nxh5 11. Nc4 Rd8 12. Ncxe5+ Nxe5 13. Nxe5+ Kc8
14. Nf7 Rd4 15. Nxh8 Rxe4+ 16. Kd2 Rd4+ 17. Ke3 Bc5 18. Bd2 Rf4+ 19. Kd3 Rd4+
20. Kc3 b5 21. Rad1 b4+ 22. Kb3 a5 23. Be3 Re4 24. Bxc5 Kb7 25. Rhe1 Rh4 26.
Rd4 Rxd4 27. Bxd4 Ka6 28. Re5 Nf4 29. Ka4 c6 30. Rxa5+ Kb7 31. Ra7+ Kb8 32. Nf7
Ne6 33. Be3 c5 34. Re7 Nc7 35. Bf4 Kc8 36. Rxc7+ Kb8 37. Ng5 Ka8 38. Nxh7 Kb8
39. Rxg7+ Kc8 40. g4 Kd8 41. g5 Kc8 42. Rc7+ Kd8 43. g6 Ke8 44. g7 Kd8 45.
g8=Q# 1-0

[Event "DSM WK M 2010"]
[Site "Karlsruhe GER"]
[Date "2010.05.08"]
[Round "5"]
[White "Allonge, Mandy"]
[Black "Aurnhammer, Bianca"]
[Result "0-1"]
[Termination "normal"]
[Board "5.4"]
[WhiteElo "866"]
[BlackElo "1038"]
[WhiteTeam "J.H. Pestalozzi GS Leegebruch"]
[BlackTeam "Gymnasium Donauwörth"]
[PlyCount "62"]
[EventCountry "GER"]
[EventRounds "7"]
[EventType "team-swiss"]
[EventDate "2010.05.06"]

1. e4 d5 2. Nc3 d4 3. Bb5+ Bd7 4. Bc4 dxc3 5. dxc3 e6 6. Nf3 Nc6 7. Ng5 Be7 8.
h4 h6 9. Nxf7 Kxf7 10. Qf3+ Nf6 11. O-O Ne5 12. Qe2 Nxc4 13. Qxc4 a6 14. a4 Bc6
15. f3 Nd7 16. Bf4 g5 17. hxg5 hxg5 18. Bg3 Bc5+ 19. Bf2 Bxf2+ 20. Rxf2 Rh6 21.
g3 Qh8 22. Kf1 Rh1+ 23. Ke2 Rxa1 24. f4 Qh5+ 25. Ke3 Re1+ 26. Kd4 Rxe4+ 27. Kd3
Rxc4 28. Kxc4 b5+ 29. axb5 axb5+ 30. Kb4 Ra4+ 31. Kb3 Nc5# 0-1

[Event "DSM WK M 2010"]
[Site "Karlsruhe GER"]
[Date "2010.05.08"]
[Round "5"]
[White "Hoffmann, Hanna Dorina"]
[Black "Wichert, Melanie"]
[Result "0-1"]
[Termination "normal"]
[Board "6.1"]
[WhiteElo "1536"]
[BlackElo "800"]
[WhiteTeam "Mallinckrodt-Gymnasium Dortmund"]
[BlackTeam "Gymnasium am Thie Blankenburg"]
[PlyCount "58"]
[WhiteFideId "12909858"]
[EventCountry "GER"]
[EventRounds "7"]
[EventType "team-swiss"]
[EventDate "2010.05.06"]

1. e4 e5 2. Nf3 d6 3. h3 Nf6 4. Nc3 Nc6 5. Bc4 Qe7 6. d3 Be6 7. Bb5 h6 8. O-O
a6 9. Ba4 Qd7 10. d4 exd4 11. Nxd4 b5 12. Nxe6 fxe6 13. Bb3 g6 14. Re1 Bg7 15.
Bf4 Nh5 16. Bh2 b4 17. Na4 O-O 18. g4 Nf4 19. Bxf4 Rxf4 20. Nc5 Qe7 21. Nxe6
Rf6 22. Nxc7+ Kh7 23. Nxa8 Qb7 24. Qd5 Rf8 25. Ba4 Qxa8 26. Bxc6 Qd8 27. Rad1
Be5 28. Qc4 Qf6 29. Rf1 Qf4 0-1

[Event "DSM WK M 2010"]
[Site "Karlsruhe GER"]
[Date "2010.05.08"]
[Round "5"]
[White "Böhnki, Linda"]
[Black "Demetrescu, Alice"]
[Result "1/2-1/2"]
[Termination "normal"]
[Board "6.2"]
[WhiteElo "800"]
[BlackElo "800"]
[WhiteTeam "Gymnasium am Thie Blankenburg"]
[BlackTeam "Mallinckrodt-Gymnasium Dortmund"]
[PlyCount "48"]
[EventCountry "GER"]
[EventRounds "7"]
[EventType "team-swiss"]
[EventDate "2010.05.06"]

1. Nf3 e6 2. e4 Nc6 3. d4 d5 4. e5 Be7 5. Bd3 f6 6. O-O b6 7. b3 Bb7 8. c4 Nb4
9. Be2 c5 10. dxc5 Bxc5 11. a3 Nc6 12. Bd3 dxc4 13. Be4 f5 14. Nc3 fxe4 15.
Nxe4 Nxe5 16. Nxe5 Bxe4 17. Qg4 Bg6 18. Nxg6 hxg6 19. Qxg6+ Kf8 20. Bb2 Bd4 21.
Rfd1 Ne7 22. Qxe6 Qc7 23. g3 Bxb2 24. Rd7 Qc5 1/2-1/2